000 00614 a2200253 4500
260 _aLondon
100 _aCHLEQ, Jean-Louis
700 1 _aDUPRIEZ, Hugues
260 _bMacmillan
245 _aVanishing land and water : soil and water conservation in dry lands
300 _a117 p.
650 _aSol
650 _aGestion de l'eau
650 _aConservation du sol
650 _aErosion
300 _bcouv. ill. en coul. , ill. ; 27 cm.
260 _c1988
130 _lEn
440 _aLand and Life
690 _aSol désséché
020 _a0-333-44597-X
999 _c27658
_d27658